Empalmes con soldaduras en varillas de acero de refuerzo

Wedi'i Gadw mewn:
Manylion Llyfryddiaeth
Prif Awdur: Vieto Solís, Ezequiel
Fformat: Anhysbys
Cyhoeddwyd: [San José, Costa Rica] 1967
Pynciau:
Tagiau: Ychwanegu Tag
Dim Tagiau, Byddwch y cyntaf i dagio'r cofnod hwn!

MARC

LEADER 00000 a2200000 4500
003 011203
005 20221231143810.0
008 140114s1967 c a m 000 ||s d
040 |c cru CEDI 
090 |a TFG 240 
100 |a Vieto Solís, Ezequiel  |9 17639 
245 |a Empalmes con soldaduras en varillas de acero de refuerzo 
260 |c 1967  |a [San José, Costa Rica] 
300 |a  156 hojas : ilustraciones, cuadros ; 29 cm  
500 |a  Tesis (Ingeniero civil) Universidad de Costa Rica.  
650 |x SOLDADURA ELECTRICA  |9 17640 
942 |c TFG 
999 |c 12146  |d 12146